书目信息 |
| 题名: |
中国和谐社区——浔阳模式
|
|
| 作者: | 戴晓慧 主编 | |
| 分册: | ||
| 出版信息: | 北京 中国社会出版社 2013 |
|
| 页数: | 284页 | |
| 开本: | 23cm | |
| 丛书名: | ||
| 单 册: | ||
| 中图分类: | D669.3 | |
| 科图分类: | ||
| 主题词: | 社区建设--经验--九江 , 社区建设 | |
| 电子资源: | ||
| ISBN: | 978-7-5087-4258-8 | |
| 000 | 01040nam0 22002771 450 | |
| 001 | 523 | |
| 005 | 20140905100959.18 | |
| 010 | @a978-7-5087-4258-8@dCNY46.00 | |
| 100 | @a20130312d2013 em y0chiy50 ea | |
| 101 | 0 | @achi |
| 102 | @aCN@b110000 | |
| 105 | @ay z 000yy | |
| 106 | @ar | |
| 200 | 1 | @a中国和谐社区——浔阳模式@AZhong Guo He Xie She Qu Xun Yang Mo Shi@f戴晓慧主编@FDai Xiao Hui Zhu Bian |
| 210 | @a北京@c中国社会出版社@d2013 | |
| 215 | @a284页@d23cm | |
| 300 | @a中国和谐社区建设实践与创新书系/詹成付主编 | |
| 304 | @a民政部基层政权和社区建设司组织编写 | |
| 330 | @a本书主要叙述了江西省九江市浔阳区的社区建设工作发展状况,从浔阳模式“三三四”形成的背景、工作实践与创新、浔阳模式的三大基石等多个方面阐述了浔阳社区建设工作取得的成果及价值,并探索规划浔阳区社区建设工作的发展愿景。 | |
| 606 | 0 | @a社区建设@x经验@y九江 |
| 606 | 0 | @a社区建设 |
| 610 | 0 | @a浔阳区 |
| 690 | @aD669.3@v5 | |
| 701 | 0 | @a戴晓慧@ADai Xiao Hui@c(女,@f1962~)@4主编 |
| 801 | 0 | @aCN@bTANGWEI@c20140603 |
| 905 | @b0837189-91@dD669.3@e142@f3 | |
| 中国和谐社区——浔阳模式/戴晓慧主编.-北京:中国社会出版社,2013 |
| 284页;23cm |
| 中国和谐社区建设实践与创新书系/詹成付主编 |
| ISBN 978-7-5087-4258-8:CNY46.00 |
| 本书主要叙述了江西省九江市浔阳区的社区建设工作发展状况,从浔阳模式“三三四”形成的背景、工作实践与创新、浔阳模式的三大基石等多个方面阐述了浔阳社区建设工作取得的成果及价值,并探索规划浔阳区社区建设工作的发展愿景。 |
| ● |
| 相关链接 |
|
|
|
|
正题名:中国和谐社区——浔阳模式
索取号:D669.3/142
 
预约/预借
| 序号 | 登录号 | 条形码 | 馆藏地/架位号 | 状态 | 备注 |
| 1 | 0837189 | 208371894 | 第一样本阅览室/ [索取号:D669.3/142] | 在馆 | |
| 2 | 0837190 | 208371901 | 第一借阅区/ [索取号:D669.3/142] | 在馆 | |
| 3 | 0837191 | 208371910 | 密集书库-史法系/ [索取号:D669.3/142] | 在馆 |